00397nam a2200121Ia 4500008004100000100002900041245002100070245003000091260000900121856005300130999001900183952007300202160531s9999 xx 000 0 und d aMesquita, Amir Zacarias. aNuclear Reactors cby Amir Zacarias Mesquita c2012 uhttp://www.intechopen.com/books/nuclear-reactors c295236d295236 001040aCLbCLd2016-05-31l0r2016-05-31 00:00:00w2016-05-31yCBE